| 000 -ლიდერი |
| ფიქსირებული სიგრძის საკონტროლო ველი |
01807nam a22002417a 4500 |
| 003 - საკონტროლო ნომრის იდენტიფიკატორი |
| საკონტროლო ველი |
Ge_BSU |
| 005 - ბოლო ოპერაციის თარიღი და დრო |
| საკონტროლო ველი |
20230227164320.0 |
| 008 - ფიქსირებული სიგრძის მონაცემთა ელემენტები - ზოგადი ინფორმაცია |
| ფიქსირებული სიგრძის საკონტროლო ველი |
230227s2004 ge ||||| |||| 00| 0 geo d |
| 020 ## - წიგნის საერთაშორისო სტანდარტული ნომერი |
| International Standard Book Number |
999283269X |
| 041 ## - ენის კოდი |
| Language code of text/sound track or separate title |
geo |
| 080 ## - უნივერსალური ათობითი კლასიფიკაციის ინდექსი |
| Universal Decimal Classification number |
342.4(063):321.7(063) |
| 245 ## - ცნობა სათაურის შესახებ |
| Title |
სახელმწიფოს კონსტიტუციური ორგანიზაცია : |
| Remainder of title |
საერთაშორისო სამეცნიერო-პრაქტიკული კონფერენციის მასალები, (თბილისი, 18-19 მაისი) / |
| Statement of responsibility, etc |
საქართველოს საკონსტიტუციო სასამართლო, ვენეციის კომისია ; სარედაქციო კოლეგია: ჯონი ხეცურიანი [და სხვ.]. |
| 264 ## - წარმოების, გამოცემის, დისტრიბუციის და სხვა ცნობები |
| გამოცემის, წარმოების, დისტრიბუციის... ადგილი |
თბილისი : |
| გამოცემის, წარმოების, დისტრიბუციის... სახელწოდება |
მერიდიანი, |
| გამოცემის, წარმოების, დისტრიბუციის... თარიღი |
2004. |
| 300 ## - ფიზიკური აღწერა |
| Extent |
166 გვ. ; |
| Other physical details |
20 სმ. |
| 653 ## - INDEX TERM--UNCONTROLLED |
| Uncontrolled term |
სახელმწიფოს კონსტიტუციური მოწყობა -- კონფერენციები. |
| 700 ## - ADDED ENTRY--PERSONAL NAME |
| Personal name |
ხეცურიანი, ჯონი |
| Relator term |
რედაქტორი |
| 9 (RLIN) |
17058 |
| 700 ## - ADDED ENTRY--PERSONAL NAME |
| Personal name |
ზოიძე, ბესარიონ |
| Relator term |
რედაქტორი |
| 9 (RLIN) |
17059 |
| 700 ## - ADDED ENTRY--PERSONAL NAME |
| Personal name |
ზოიძე, ბესარიონ |
| Relator term |
რედაქტორი |
| 9 (RLIN) |
17059 |
| 700 ## - ADDED ENTRY--PERSONAL NAME |
| Personal name |
ფუტკარაძე, იაკობ |
| Relator term |
რედაქტორი |
| 9 (RLIN) |
12625 |
| 700 ## - ADDED ENTRY--PERSONAL NAME |
| Personal name |
ჯინჯოლავა, ზაურ |
| Relator term |
რედაქტორი |
| 9 (RLIN) |
17060 |
| 710 ## - ADDED ENTRY--CORPORATE NAME |
| Corporate name or jurisdiction name as entry element |
საქართველოს საკონსტიტუციო სასამართლო. |
| Subordinate unit |
ვენეციის კომისია. |
| 9 (RLIN) |
17061 |
| 942 ## - ADDED ENTRY ELEMENTS (KOHA) |
| Source of classification or shelving scheme |
|
| Koha item type |
წიგნი |